000
00347nam a2200157Ia 4500
008
170203s9999 xx 000 0 und d
020
_a
1550370383
050
_a
Fic
050
_b
.M969p 1989
100
_a
Munsch, Robert
245
_a
Pigs /
245
_c
Robert Munsch.
260
_a
Canada :
260
_b
Annick Press,
260
_c
1989
999
_c
306082
_d
306082